|
|
|
แสดงรายละเอียดบรรณานุกรม |
|
|
Brief Record
: Get Marc (ISO 2709)
: E-mail record
: |
| LEADER : 00000nam 2200000uu 4500 | |||
| 001 13399129206 | |||
| 003 ULIB | |||
| 008 020711s2568 th a 000 0 tha d | |||
| 020 ^a9786166200607 | |||
| 060 ^aWY156^bข226ก | |||
| 100 ^aขนิษฐา รัตนกัลยา | |||
| 245 ^aการพยาบาลผู้ป่วยมะเร็งตับและมะเร็งท่อน้ำดีที่ได้รับการรักษาทางศัลยกรรม | |||
| 250 ^aพิมพ์ครั้งที่ 1 | |||
| 260 ^aเชียงใหม่ :^bโครงการตำราคณะพยาบาลศาสตร์ มหาวิทยาลัยเชียงใหม่,^c2568 | |||
| 300 ^a269 หน้า;^b26 ซม. | |||
| 650 ^aมะเร็ง^xการพยาบาล | |||
| 650 ^aมะเร็งตับ | |||
| 650 ^aมะเร็งท่อน้ำดี | |||
| 999 ^aประนอม เกษจรัล | |||
| คุณยังไม่ได้ล็อกอิน คุณสามารถมีกิจกรรมร่วมกับเว็บไซต์ได้ แต่ต้องล็อกอินก่อน :: |
|
รายการสื่อสารสนเทศ |
| สถานะ | |||||
| 1. | หนังสือสำรอง สถานะ=หนังสือสำรอง | WY156 ข226ก ฉ.1 Barcode: 012163 | ►หนังสือทั่วไป | บนชั้น | |
| 2. | Book การพยาบาล | WY156 ข226ก ฉ.2 Barcode: 012164 | ►หนังสือทั่วไป | บนชั้น | |
| 3. | Book การพยาบาล | WY156 ข226ก ฉ.3 Barcode: 012165 | ►หนังสือทั่วไป | บนชั้น | |
| 4. | Book การพยาบาล | WY156 ข226ก ฉ.4 Barcode: 012166 | ►หนังสือทั่วไป | บนชั้น | |
| 5. | Book การพยาบาล | WY156 ข226ก ฉ.5 Barcode: 012167 | ►หนังสือทั่วไป | บนชั้น | |
BibComment |
| คอมเมนท์ทรัพยากรรายการนี้ |
|
| |
Copyright 2026. Bcnsprnw @Library |
|